|
|
|
|
| LEADER |
03957nam a22003973i 4500 |
| 001 |
EBC30285037 |
| 003 |
MiAaPQ |
| 005 |
20231204023229.0 |
| 006 |
m o d | |
| 007 |
cr cnu|||||||| |
| 008 |
231204s2022 xx o ||||0 spa d |
| 020 |
|
|
|a 9783631886427
|q (electronic bk.)
|
| 020 |
|
|
|z 9783631886410
|
| 035 |
|
|
|a (MiAaPQ)EBC30285037
|
| 035 |
|
|
|a (Au-PeEL)EBL30285037
|
| 035 |
|
|
|a (OCoLC)1402031585
|
| 040 |
|
|
|a MiAaPQ
|b eng
|e rda
|e pn
|c MiAaPQ
|d MiAaPQ
|
| 100 |
1 |
|
|a Nieva-de la Paz, Pilar.
|
| 245 |
1 |
0 |
|a Mitos e Identidades en Las Autoras Hispánicas Contemporáneas.
|
| 250 |
|
|
|a 1st ed.
|
| 264 |
|
1 |
|a Frankfurt a.M. :
|b Peter Lang GmbH, Internationaler Verlag der Wissenschaften,
|c 2022.
|
| 264 |
|
4 |
|c {copy}2022.
|
| 300 |
|
|
|a 1 online resource (274 pages)
|
| 336 |
|
|
|a text
|b txt
|2 rdacontent
|
| 337 |
|
|
|a computer
|b c
|2 rdamedia
|
| 338 |
|
|
|a online resource
|b cr
|2 rdacarrier
|
| 490 |
1 |
|
|a Estudios Hispánicos en el Contexto Global. Hispanic Studies in the Global Context. Hispanistik Im Globalen Kontext Series ;
|v v.21
|
| 505 |
0 |
|
|a Cover -- Series Information -- Copyright Information -- ÍNDICE -- VIEJOS MITOS, NUEVOS ICONOS: LAS AUTORAS CONTEMPORÁNEAS Y LA CREACIÓN DE UNA TRADICIÓN CULTURAL 'PROPIA' (Pilar Nieva-de la Paz) -- MITOS, HISTORIA Y EXILIOS: MENESTEOS, MARINERO DE ABRIL, DE MARÍA TERESA LEÓN (Francisca Vilches-de Frutos) -- TIEMPO, CREACIÓN Y VIDA: TRADICIÓN CULTURAL Y MITICA EN MARGARITA (ZURCIDORA), DE ROSA CHACEL (Pilar Nieva-de la Paz) -- MITOS E IDENTIDAD FEMENINA EN LA ESPAÑA DE POSGUERRA: MUJER SIN EDÉN (1947) Y NADA MÁS QUE CAÍN [1960], DE CARMEN CONDE (Inmaculada Plaza-Agudo) -- LA VISIÓN DE HELENA DE TROYA EN DOS DRAMATURGAS DEL EXILIO: CASANDRA O LA LLAVE SIN PUERTA, DE MARÍA LUISA ALGARRA Y LAS REPUBLICANAS, DE TERESA GRACIA (Teresa Santa María Fernández) -- HISTORIAS DE VIDA Y VIDAS PARA LA HISTORIA: MUJERES DE LA CULTURA HISPÁNICA VISTAS POR ESCRITORAS DEL EXILIO REPUBLICANO DE 1939 (Francisca Montiel Rayo) -- LA CONSTRUCCIÓN DEL MITO DE 'LA LIBERTARIA' EN LA OBRA DE LUCÍA SÁNCHEZ SAORNIL, FEDERICA MONTSENY Y TERESA GRACIA (Luisa García-Manso) -- VARIACIONES ARTÍSTICAS SOBRE EMILIA PARDO BAZÁN EN EL SIGLO XXI: EMILIA 'LA IMPRESCINDIBLE' (María del Mar Mañas Martínez) -- IDENTIDADES TRANSFIGURADAS: LAS MENINAS EN EL TEATRO CONTEMPORÁNEO (Verónica Azcue) -- SOY CRISTINA DE JESÚS: LA REMITIFICACIÓN FEMINISTA DE TERESA DE JESÚS SEGÚN CRISTINA MORALES (Cristina Sanz Ruiz) -- MATERIA MEDEA (2019): CREACIÓN ESCÉNICA, CORPORALIDAD Y PRODUCCIÓN DE NUEVOS SENTIDOS (Julio E. Checa Puerta) -- ROLES DE GÉNERO Y DESMITIFICACIÓN: CINCUENTA AÑOS DE CONDICIÓN FEMENINA EN LAS MARAVILLAS (2020), DE ELENA MEDEL (Christian von Tschilschke) -- Obras publicadas en la colección.
|
| 520 |
|
|
|a Al revisar los mitos y generar nuevos iconos, las autoras españolas contemporáneas se apropian de la tradición cultural y contribuyen a redefinir la identidad colectiva. Sus obras promueven unas representaciones de género más igualitarias, que buscan superar viejos roles y estereotipos.
|
| 588 |
|
|
|a Description based on publisher supplied metadata and other sources.
|
| 590 |
|
|
|a Electronic reproduction. Ann Arbor, Michigan : ProQuest Ebook Central, 2023. Available via World Wide Web. Access may be limited to ProQuest Ebook Central affiliated libraries.
|
| 655 |
|
4 |
|a Electronic books.
|
| 776 |
0 |
8 |
|i Print version:
|a Nieva-de la Paz, Pilar
|t Mitos e Identidades en Las Autoras Hispánicas Contemporáneas
|d Frankfurt a.M. : Peter Lang GmbH, Internationaler Verlag der Wissenschaften,c2022
|z 9783631886410
|
| 797 |
2 |
|
|a ProQuest (Firm)
|
| 830 |
|
0 |
|a Estudios Hispánicos en el Contexto Global. Hispanic Studies in the Global Context. Hispanistik Im Globalen Kontext Series
|
| 856 |
4 |
0 |
|u https://ebookcentral.proquest.com/lib/matrademy/detail.action?docID=30285037
|z Click to View
|